Loading...
| AG | 1 | 3 | 0 | 0 | 45 | 74 | 78.75 | 1 | 3 | 0.00 | 0.00 |
| MB | 1 | 3 | 1 | 1 | 40 | 43 | 99.25 | 1 | 2 | 0.00 | 0.00 |
| RR | 2 | 1 | 1 | 1 | 35 | 42 | 76.00 | 0 | 2 | 0.00 | 0.00 |
| BB | 0 | 2 | 0 | 0 | 20 | 98 | 105.00 | 0 | 0 | 0.00 | 0.00 |
| DM | 0 | 1 | 0 | 0 | 10 | 110 | 110.00 | 0 | 0 | 0.00 | 0.00 |
| AWD | 0 | 1 | 0 | 0 | 10 | 112 | 112.00 | 0 | 1 | 0.00 | 0.00 |
| MV | 0 | 1 | 0 | 0 | 10 | 117 | 117.00 | 0 | 0 | 0.00 | 0.00 |
| TR | 0 | 0 | 1 | 0 | -5 | 0.00 | 0 | 0 | 0.00 | 0.00 |
| TR | South Dakota | -5 | 41 |
| RR | Haiti | 15 | 42 |
| MB | Friedrich Wilhelm Nietzsche | 15 | 43 |
| RR | open | 15 | 61 |
| AG | testosterone | 10 | 74 |
| AG | 1973 Chilean coup d’etat | 10 | 76 |
| MB | gymnastics | -5 | 78 |
| RR | baseball | -5 | 81 |
| AG | Jean Rhys | 15 | 82 |
| AG | Ramayana | 10 | 83 |